000
00332nam a22001457a 4500
003
SGT
020
_a
938426684-1
082
_a
615.1
_b
CHI
100
_a
CHIKHALE, HEMANT U.
245
_a
PHARMACEUTICAL INORGANIC CHEMISTRY
260
_a
INDIA
_b
BIRLA PUB.
_c
2027
300
_a
76
650
_a
PHARMACEUTICAL
942
_2
ddc
_c
BK
999
_c
32960
_d
32960